000 00619nam a2200241Ia 4500
003 OSt
005 20220918192833.0
006 a|||||r|||| 00| 0
007 ta
008 220917b |||||||| |||| 00| 0 eng d
024 _a70,651
037 _cTextual
040 _aARTS
_cARTS
_beng
041 _2eng
_aeng
082 _aR4xC67:1, J7-;5
100 _aAristotle
_952557
245 0 _aNichmachean ethics tr by David Ross
260 _aLondon
_bOUP
_c1925
300 _axxxiv,284p.
_ccm.
650 _aETHICS
942 _hR4xC67:1, J7-;5
_cTEXL
_2CC
999 _c196745
_d196745